[Event "msr2018"]
[Site "?"]
[Date "2018.04.24"]
[Round "5.8"]
[White "Stauder, Matej"]
[Black "Panko, Eduard"]
[Result "1-0"]
[BlackElo "1949"]
[WhiteElo "1881"]
[LiveChessVersion "1.4.8"]

1. d4 {[%clk 1:30:58]} g6 {[%clk 1:30:49]} 2. e4 {[%clk 1:31:20]} Bg7
{[%clk 1:31:10]} 3. Nf3 {[%clk 1:31:24]} c5 {[%clk 1:30:54]} 4. c3
{[%clk 1:31:30]} cxd4 {[%clk 1:30:01]} 5. cxd4 {[%clk 1:30:42]} d5
{[%clk 1:28:51]} 6. exd5 {[%clk 1:28:13]} Nf6 {[%clk 1:28:42]} 7. Nc3
{[%clk 1:26:23]} Nxd5 {[%clk 1:26:25]} 8. Bc4 {[%clk 1:25:09]} Nb6
{[%clk 1:21:46]} 9. Bb3 {[%clk 1:23:34]} O-O {[%clk 1:22:04]} 10. O-O
{[%clk 1:23:22]} Nc6 {[%clk 1:18:44]} 11. Be3 {[%clk 1:21:19]} Bg4
{[%clk 1:17:55]} 12. h3 {[%clk 1:20:13]} Bxf3 {[%clk 1:08:01]} 13. Qxf3
{[%clk 1:20:36]} Nxd4 {[%clk 1:06:41]} 14. Bxd4 {[%clk 1:20:18]} Qxd4
{[%clk 1:06:10]} 15. Qxb7 {[%clk 1:17:23]} Qb4 {[%clk 1:01:47]} 16. Rfe1
{[%clk 1:14:26]} e6 {[%clk 0:57:52]} 17. Rac1 {[%clk 1:09:57]} Rfd8
{[%clk 0:53:56]} 18. Qf3 {[%clk 1:06:51]} Rac8 {[%clk 0:37:16]} 19. Red1
{[%clk 1:01:58]} Nd7 {[%clk 0:31:07]} 20. Qe3 {[%clk 0:54:26]} Nc5
{[%clk 0:28:48]} 21. Rxd8+ {[%clk 0:48:07]} Rxd8 {[%clk 0:29:16]} 22. Qg5
{[%clk 0:44:19]} Rd7 {[%clk 0:22:08]} 23. a3 {[%clk 0:39:27]} Qb6
{[%clk 0:14:52]} 24. Na4 {[%clk 0:32:26]} Qxb3 {[%clk 0:09:25]} 25. Nxc5
{[%clk 0:32:19]} Qd5 {[%clk 0:09:29]} 26. Qg3 {[%clk 0:25:47]} Rd8
{[%clk 0:08:44]} 27. Na4 {[%clk 0:14:56]} Be5 {[%clk 0:08:34]} 28. Qf3
{[%clk 0:15:00]} Qb5 {[%clk 0:07:34]} 29. Rc5 {[%clk 0:11:41]} Qb8
{[%clk 0:06:10]} 30. b4 {[%clk 0:11:20]} Rd2 {[%clk 0:05:05]} 31. Nc3
{[%clk 0:05:20]} Bd4 {[%clk 0:04:42]} 32. Ne4 {[%clk 0:05:35]} Ra2
{[%clk 0:03:59]} 33. Rc1 {[%clk 0:05:22]} f5 {[%clk 0:03:35]} 34. Qb3
{[%clk 0:05:16]} Qf4 {[%clk 0:02:16]} 35. Rc8+ {[%clk 0:04:52]} Kg7
{[%clk 0:02:13]} 36. Qxa2 {[%clk 0:04:58]} Qxe4 {[%clk 0:02:30]} 37. Rc1
{[%clk 0:04:10]} Kf6 {[%clk 0:02:18]} 38. Qc2 {[%clk 0:02:35]} Qf4
{[%clk 0:02:35]} 39. Rf1 {[%clk 0:02:49]} h5 {[%clk 0:02:13]} 40. Qd3
{[%clk 0:02:37]} h4 {[%clk 0:01:18]} 41. Qf3 {[%clk 0:00:32]} Qd2
{[%clk 0:27:51]} 42. Qa8 {[%clk 0:20:53]} Kg5 {[%clk 0:26:06]} 43. Qd8+
{[%clk 0:19:26]} Kh5 {[%clk 0:25:55]} 44. Qe7 {[%clk 0:19:01]} Qe2
{[%clk 0:22:28]} 45. Qd7 {[%clk 0:15:42]} Qe4 {[%clk 0:20:41]} 46. b5
{[%clk 0:14:26]} e5 {[%clk 0:12:40]} 47. Qc6 {[%clk 0:14:30]} Qd3
{[%clk 0:10:07]} 48. Qf3+ {[%clk 0:14:46]} Qxf3 {[%clk 0:10:23]} 49. gxf3
{[%clk 0:15:12]} g5 {[%clk 0:09:47]} 50. a4 {[%clk 0:14:59]} g4 {[%clk 0:10:05]}
51. fxg4+ {[%clk 0:14:14]} fxg4 {[%clk 0:10:19]} 52. Kg2 {[%clk 0:14:38]} Kg5
{[%clk 0:09:21]} 53. a5 {[%clk 0:13:57]} gxh3+ {[%clk 0:08:55]} 54. Kxh3
{[%clk 0:14:21]} Kf4 {[%clk 0:09:14]} 55. f3 {[%clk 0:13:31]} Ke3
{[%clk 0:08:51]} 56. Kg4 {[%clk 0:13:41]} Ke2 {[%clk 0:06:57]} 57. Rh1
{[%clk 0:14:03]} Bf2 {[%clk 0:06:52]} 58. Rh2 {[%clk 0:13:27]} Kf1
{[%clk 0:06:51]} 59. Rxh4 {[%clk 0:13:43]} 1-0

[Event "msr2018"]
[Site "?"]
[Date "2018.04.24"]
[Round "5.9"]
[White "Sobek, Michal"]
[Black "Turcan, Richard"]
[Result "0-1"]
[BlackElo "2171"]
[WhiteElo "2022"]
[LiveChessVersion "1.4.8"]

1. e4 {[%clk 1:30:57]} c5 {[%clk 1:30:52]} 2. Nf3 {[%clk 1:31:19]} d6
{[%clk 1:31:03]} 3. d4 {[%clk 1:31:41]} cxd4 {[%clk 1:31:29]} 4. Nxd4
{[%clk 1:32:01]} Nf6 {[%clk 1:31:53]} 5. Nc3 {[%clk 1:32:24]} g6 {[%clk 1:32:08]}
6. Bc4 {[%clk 1:32:23]} Bg7 {[%clk 1:31:43]} 7. O-O {[%clk 1:30:22]} O-O
{[%clk 1:30:37]} 8. Bb3 {[%clk 1:30:00]} Nc6 {[%clk 1:28:50]} 9. Re1
{[%clk 1:30:01]} Bd7 {[%clk 1:23:35]} 10. h3 {[%clk 1:29:37]} Nxd4
{[%clk 1:18:59]} 11. Qxd4 {[%clk 1:29:49]} Bc6 {[%clk 1:18:58]} 12. Qd3
{[%clk 1:29:36]} Nd7 {[%clk 1:17:07]} 13. Bg5 {[%clk 1:28:17]} Nc5
{[%clk 1:13:46]} 14. Qf3 {[%clk 1:26:04]} h6 {[%clk 1:10:16]} 15. Bf4
{[%clk 1:23:14]} Nxb3 {[%clk 1:01:27]} 16. axb3 {[%clk 1:21:47]} f5
{[%clk 1:00:01]} 17. Qg3 {[%clk 1:14:36]} fxe4 {[%clk 0:56:24]} 18. Nxe4
{[%clk 1:11:58]} Kh7 {[%clk 0:55:18]} 19. Rad1 {[%clk 1:10:25]} Qa5
{[%clk 0:48:34]} 20. Qe3 {[%clk 0:46:43]} Qf5 {[%clk 0:30:06]} 21. Bg3
{[%clk 0:45:13]} Rae8 {[%clk 0:26:53]} 22. Nc3 {[%clk 0:39:50]} Qxc2
{[%clk 0:23:26]} 23. Re2 {[%clk 0:29:02]} Qxb3 {[%clk 0:22:23]} 24. Rde1
{[%clk 0:27:05]} a6 {[%clk 0:17:37]} 25. Bh4 {[%clk 0:25:51]} e5 {[%clk 0:16:04]}
26. Qd2 {[%clk 0:24:06]} d5 {[%clk 0:15:19]} 27. Bg3 {[%clk 0:21:04]} e4
{[%clk 0:14:54]} 28. Bf4 {[%clk 0:21:04]} b5 {[%clk 0:11:19]} 29. Bd6
{[%clk 0:19:31]} Rf5 {[%clk 0:09:03]} 30. Rc1 {[%clk 0:18:12]} d4
{[%clk 0:07:57]} 31. Nxe4 {[%clk 0:16:50]} Bxe4 {[%clk 0:07:48]} 32. f3
{[%clk 0:16:58]} Rf6 {[%clk 0:04:51]} 33. Bc5 {[%clk 0:15:52]} Bc6
{[%clk 0:04:20]} 34. Bxd4 {[%clk 0:15:59]} Rd6 {[%clk 0:04:01]} 35. Rxe8
{[%clk 0:15:01]} Bxe8 {[%clk 0:02:56]} 36. Rc7 {[%clk 0:14:19]} Bd7
{[%clk 0:03:06]} 37. Qf4 {[%clk 0:13:47]} Rxd4 {[%clk 0:02:48]} 0-1

[Event "msr2018"]
[Site "?"]
[Date "2018.04.24"]
[Round "5.11"]
[White "Vadila, Ondrej"]
[Black "Gyerpal, Adrian"]
[Result "1/2-1/2"]
[BlackElo "1976"]
[WhiteElo "2023"]
[LiveChessVersion "1.4.8"]

1. e4 {[%clk 1:30:58]} c5 {[%clk 1:30:49]} 2. Nf3 {[%clk 1:31:22]} Nc6
{[%clk 1:31:09]} 3. d4 {[%clk 1:31:48]} cxd4 {[%clk 1:31:23]} 4. Nxd4
{[%clk 1:32:12]} g6 {[%clk 1:31:16]} 5. c4 {[%clk 1:32:34]} Bg7 {[%clk 1:31:21]}
6. Be3 {[%clk 1:32:55]} Nf6 {[%clk 1:31:26]} 7. Nc3 {[%clk 1:33:14]} O-O
{[%clk 1:31:11]} 8. Be2 {[%clk 1:33:25]} d6 {[%clk 1:30:53]} 9. O-O
{[%clk 1:33:47]} Bd7 {[%clk 1:30:31]} 10. Qd2 {[%clk 1:34:07]} Nxd4
{[%clk 1:30:00]} 11. Bxd4 {[%clk 1:34:28]} Bc6 {[%clk 1:29:57]} 12. f3
{[%clk 1:34:45]} a5 {[%clk 1:28:43]} 13. b3 {[%clk 1:35:07]} Nd7 {[%clk 1:28:23]}
14. Be3 {[%clk 1:35:20]} Nc5 {[%clk 1:28:00]} 15. Rab1 {[%clk 1:35:27]} Be5
{[%clk 1:22:46]} 16. Rfd1 {[%clk 1:34:07]} e6 {[%clk 1:19:41]} 17. Qe1
{[%clk 1:26:37]} Qf6 {[%clk 1:12:11]} 18. Nb5 {[%clk 1:08:44]} Bxb5
{[%clk 1:07:22]} 19. cxb5 {[%clk 1:09:10]} b6 {[%clk 1:05:40]} 20. Qf2
{[%clk 1:02:15]} Qe7 {[%clk 0:53:35]} 21. Bd4 {[%clk 0:51:28]} Bxd4
{[%clk 0:48:56]} 1/2-1/2

[Event "msr2018"]
[Site "?"]
[Date "2018.04.24"]
[Round "5.12"]
[White "Grec, Jan Alexander"]
[Black "Ulehla, Jakub"]
[Result "0-1"]
[BlackElo "1731"]
[WhiteElo "1614"]
[LiveChessVersion "1.4.8"]

1. c4 {[%clk 1:30:57]} c5 {[%clk 1:30:25]} 2. g3 {[%clk 1:30:27]} Nc6
{[%clk 1:30:26]} 3. Nc3 {[%clk 1:30:28]} g6 {[%clk 1:30:47]} 4. Bg2
{[%clk 1:30:35]} Bg7 {[%clk 1:31:00]} 5. e3 {[%clk 1:30:51]} d6 {[%clk 1:31:06]}
6. Nge2 {[%clk 1:30:12]} h5 {[%clk 1:30:18]} 7. h4 {[%clk 1:26:38]} Bg4
{[%clk 1:30:04]} 8. Nd5 {[%clk 1:14:53]} Nf6 {[%clk 1:23:37]} 9. f3
{[%clk 1:05:05]} Bd7 {[%clk 1:18:25]} 10. Nxf6+ {[%clk 1:03:54]} Bxf6
{[%clk 1:18:36]} 11. d4 {[%clk 1:03:37]} cxd4 {[%clk 1:16:40]} 12. exd4
{[%clk 1:03:50]} Qb6 {[%clk 1:14:18]} 13. Be3 {[%clk 0:59:40]} Qb4+
{[%clk 1:09:20]} 14. Kf2 {[%clk 0:57:15]} Bf5 {[%clk 1:03:25]} 15. b3
{[%clk 0:54:56]} O-O {[%clk 0:54:20]} 16. Nf4 {[%clk 0:50:43]} Qa5
{[%clk 0:49:38]} 17. g4 {[%clk 0:49:44]} hxg4 {[%clk 0:49:00]} 18. fxg4
{[%clk 0:50:01]} Bd7 {[%clk 0:48:30]} 19. h5 {[%clk 0:48:21]} Bg5
{[%clk 0:47:31]} 20. hxg6 {[%clk 0:40:58]} fxg6 {[%clk 0:46:34]} 21. Qd3
{[%clk 0:37:12]} Rf6 {[%clk 0:43:00]} 22. Kg3 {[%clk 0:36:16]} Bxf4+
{[%clk 0:40:29]} 23. Bxf4 {[%clk 0:36:36]} Raf8 {[%clk 0:40:11]} 24. Rh6
{[%clk 0:32:35]} Kf7 {[%clk 0:37:29]} 25. g5 {[%clk 0:18:55]} Rf5
{[%clk 0:36:35]} 26. Qe3 {[%clk 0:17:10]} Ke8 {[%clk 0:35:32]} 27. Rh4
{[%clk 0:07:12]} e5 {[%clk 0:34:41]} 28. dxe5 {[%clk 0:06:44]} dxe5
{[%clk 0:35:05]} 29. Re1 {[%clk 0:06:34]} Kd8 {[%clk 0:34:57]} 0-1

[Event "msr2018"]
[Site "?"]
[Date "2018.04.24"]
[Round "5.13"]
[White "Bochnicka, Vladimir"]
[Black "Valko, Michal"]
[Result "1-0"]
[BlackElo "1558"]
[WhiteElo "2043"]
[LiveChessVersion "1.4.8"]

1. e4 {[%clk 1:30:57]} e6 {[%clk 1:30:35]} 2. d4 {[%clk 1:31:22]} d5
{[%clk 1:30:55]} 3. Nd2 {[%clk 1:31:47]} Nf6 {[%clk 1:30:49]} 4. e5
{[%clk 1:32:03]} Nfd7 {[%clk 1:31:09]} 5. Bd3 {[%clk 1:32:19]} c5
{[%clk 1:30:41]} 6. c3 {[%clk 1:32:43]} Nc6 {[%clk 1:30:17]} 7. Ne2
{[%clk 1:32:49]} f6 {[%clk 1:27:38]} 8. exf6 {[%clk 1:30:31]} Nxf6
{[%clk 1:28:00]} 9. Nf3 {[%clk 1:30:49]} Bd6 {[%clk 1:24:02]} 10. O-O
{[%clk 1:26:14]} O-O {[%clk 1:19:02]} 11. Re1 {[%clk 1:14:36]} e5
{[%clk 1:11:59]} 12. dxe5 {[%clk 1:07:11]} Nxe5 {[%clk 1:11:57]} 13. Nxe5
{[%clk 1:05:36]} Bxe5 {[%clk 1:12:25]} 14. Be3 {[%clk 1:00:07]} Qc7
{[%clk 1:08:02]} 15. h3 {[%clk 1:00:06]} b6 {[%clk 1:05:03]} 16. Qd2
{[%clk 0:53:23]} Bb7 {[%clk 0:59:37]} 17. Bf4 {[%clk 0:49:21]} Rae8
{[%clk 0:57:35]} 18. Bxe5 {[%clk 0:44:40]} Qxe5 {[%clk 0:55:33]} 19. Ng3
{[%clk 0:40:58]} Qd6 {[%clk 0:54:29]} 20. Nf5 {[%clk 0:38:39]} Qd7
{[%clk 0:50:40]} 21. f3 {[%clk 0:21:56]} Rxe1+ {[%clk 0:42:30]} 22. Rxe1
{[%clk 0:21:25]} Re8 {[%clk 0:41:17]} 23. Kf2 {[%clk 0:14:54]} Rxe1
{[%clk 0:38:52]} 24. Qxe1 {[%clk 0:15:01]} g6 {[%clk 0:38:15]} 25. Qe5
{[%clk 0:08:54]} Kf7 {[%clk 0:34:13]} 26. Nd6+ {[%clk 0:07:52]} Kg7
{[%clk 0:34:24]} 27. Bb5 {[%clk 0:07:41]} Bc6 {[%clk 0:31:21]} 28. Bxc6
{[%clk 0:07:47]} Qxc6 {[%clk 0:31:48]} 29. Qe7+ {[%clk 0:08:09]} 1-0

[Event "msr2018"]
[Site "?"]
[Date "2018.04.24"]
[Round "5.14"]
[White "Popovic, Martin"]
[Black "Kapec, Kristian"]
[Result "1-0"]
[BlackElo "1307"]
[WhiteElo "1897"]
[LiveChessVersion "1.4.8"]

1. e4 {[%clk 1:30:57]} e5 {[%clk 1:30:57]} 2. Nf3 {[%clk 1:31:24]} Nc6
{[%clk 1:31:23]} 3. Bb5 {[%clk 1:31:50]} Bc5 {[%clk 1:31:49]} 4. O-O
{[%clk 1:31:27]} d6 {[%clk 1:32:15]} 5. c3 {[%clk 1:31:05]} Bd7 {[%clk 1:32:07]}
6. d4 {[%clk 1:29:52]} exd4 {[%clk 1:32:04]} 7. cxd4 {[%clk 1:30:13]} Bb6
{[%clk 1:31:49]} 8. Nc3 {[%clk 1:24:19]} Nge7 {[%clk 1:30:04]} 9. Re1
{[%clk 1:18:53]} O-O {[%clk 1:28:09]} 10. a3 {[%clk 1:14:43]} Bg4
{[%clk 1:26:08]} 11. Be3 {[%clk 1:10:53]} Bxf3 {[%clk 1:24:45]} 12. gxf3
{[%clk 1:11:21]} a6 {[%clk 1:23:06]} 13. Bc4 {[%clk 1:11:01]} Ng6
{[%clk 1:20:04]} 14. Kh1 {[%clk 1:00:40]} Qf6 {[%clk 1:15:50]} 15. Nd5
{[%clk 0:59:01]} Qh4 {[%clk 1:14:34]} 16. Rg1 {[%clk 0:56:44]} Rac8
{[%clk 1:13:08]} 17. f4 {[%clk 0:43:50]} Ba7 {[%clk 1:09:09]} 18. Rg4
{[%clk 0:41:31]} Qd8 {[%clk 1:06:25]} 19. f5 {[%clk 0:41:08]} Nge7
{[%clk 1:05:54]} 20. Nf6+ {[%clk 0:35:58]} Kh8 {[%clk 1:06:14]} 21. Rxg7
{[%clk 0:35:54]} Kxg7 {[%clk 1:06:04]} 22. Qh5 {[%clk 0:36:21]} Nxf5
{[%clk 1:00:28]} 23. Rg1+ {[%clk 0:36:35]} Kxf6 {[%clk 1:00:49]} 24. Qg5#
{[%clk 0:37:00]} 1-0

[Event "msr2018"]
[Site "?"]
[Date "2018.04.24"]
[Round "5.15"]
[White "Petrek, David"]
[Black "Kuna, Patrik"]
[Result "0-1"]
[BlackElo "1545"]
[WhiteElo "1720"]
[LiveChessVersion "1.4.8"]

1. e4 {[%clk 1:30:57]} e5 {[%clk 1:30:55]} 2. Nf3 {[%clk 1:31:16]} Nc6
{[%clk 1:31:18]} 3. d4 {[%clk 1:31:40]} exd4 {[%clk 1:31:28]} 4. Bc4
{[%clk 1:32:05]} Nf6 {[%clk 1:31:52]} 5. e5 {[%clk 1:32:31]} d5 {[%clk 1:32:08]}
6. Bb5 {[%clk 1:32:57]} Ne4 {[%clk 1:32:02]} 7. O-O {[%clk 1:33:18]} Bc5
{[%clk 1:26:00]} 8. Nxd4 {[%clk 1:29:07]} Bd7 {[%clk 1:23:08]} 9. Be3
{[%clk 1:24:39]} O-O {[%clk 1:13:38]} 10. Bxc6 {[%clk 1:24:57]} bxc6
{[%clk 1:13:58]} 11. Nxc6 {[%clk 1:25:22]} Bxc6 {[%clk 1:14:15]} 12. Qg4
{[%clk 1:25:12]} Bxe3 {[%clk 1:13:57]} 13. fxe3 {[%clk 1:25:37]} Qd7
{[%clk 1:14:19]} 14. Qh4 {[%clk 1:25:23]} Qe6 {[%clk 1:12:54]} 15. Nc3
{[%clk 1:18:28]} Nxc3 {[%clk 1:11:44]} 16. bxc3 {[%clk 1:18:54]} Qxe5
{[%clk 1:11:30]} 17. Rf3 {[%clk 1:19:07]} Qxc3 {[%clk 1:08:51]} 18. Raf1
{[%clk 1:19:01]} Qe5 {[%clk 0:57:37]} 19. Rh3 {[%clk 1:17:00]} Qe4
{[%clk 0:32:00]} 20. Rf4 {[%clk 1:15:40]} Qxc2 {[%clk 0:31:22]} 21. e4
{[%clk 1:09:42]} h6 {[%clk 0:26:22]} 22. Rg4 {[%clk 1:09:57]} Qd1+
{[%clk 0:25:15]} 23. Kf2 {[%clk 1:10:19]} Qd2+ {[%clk 0:24:28]} 24. Kg1
{[%clk 1:08:06]} Rab8 {[%clk 0:21:39]} 25. Rxg7+ {[%clk 1:06:07]} Kxg7
{[%clk 0:21:59]} 26. Rg3+ {[%clk 1:06:31]} Kh7 {[%clk 0:22:14]} 27. h3
{[%clk 1:06:59]} Qe1+ {[%clk 0:22:00]} 28. Kh2 {[%clk 1:07:22]} Rb1
{[%clk 0:21:53]} 29. Rg7+ {[%clk 1:05:47]} Kxg7 {[%clk 0:22:10]} 30. Qg4+
{[%clk 1:06:07]} Kh8 {[%clk 0:22:15]} 31. exd5 {[%clk 1:06:20]} Qe5+
{[%clk 0:22:18]} 32. g3 {[%clk 1:06:35]} Qb2+ {[%clk 0:22:33]} 33. Qe2
{[%clk 1:06:32]} Qxe2# 0-1

[Event "msr2018"]
[Site "?"]
[Date "2018.04.24"]
[Round "5.16"]
[White "Greno, Pavol"]
[Black "Priechodsky, Radovan"]
[Result "0-1"]
[BlackElo "1679"]
[WhiteElo "1384"]
[LiveChessVersion "1.4.8"]

1. e4 d6 2. d4 {[%clk 1:30:58]} c6 {[%clk 1:31:15]} 3. Nf3 {[%clk 1:30:18]} Bg4
{[%clk 1:31:30]} 4. h3 {[%clk 1:30:35]} Bxf3 {[%clk 1:31:53]} 5. Qxf3
{[%clk 1:30:50]} e6 {[%clk 1:31:51]} 6. a3 {[%clk 1:30:06]} d5 {[%clk 1:32:07]}
7. e5 {[%clk 1:29:27]} c5 {[%clk 1:32:22]} 8. c3 {[%clk 1:28:39]} Qb6
{[%clk 1:32:30]} 9. Bd3 {[%clk 1:24:41]} cxd4 {[%clk 1:30:39]} 10. cxd4
{[%clk 1:23:06]} Qxd4 {[%clk 1:29:37]} 11. O-O {[%clk 1:20:36]} Nc6
{[%clk 1:26:23]} 12. Bb5 {[%clk 1:18:09]} Qxe5 {[%clk 1:21:12]} 13. Nc3
{[%clk 1:17:34]} Bd6 {[%clk 1:19:41]} 14. g3 {[%clk 1:15:50]} Qf6
{[%clk 1:18:02]} 15. Qe2 {[%clk 1:12:28]} Nge7 {[%clk 1:17:45]} 16. h4
{[%clk 1:03:49]} h6 {[%clk 1:17:45]} 17. Re1 {[%clk 1:01:13]} Nf5
{[%clk 1:16:51]} 18. Nxd5 {[%clk 0:59:30]} Qd8 {[%clk 1:14:06]} 19. Rd1
{[%clk 0:57:37]} O-O {[%clk 1:12:07]} 20. Bxc6 {[%clk 0:56:33]} bxc6
{[%clk 1:11:06]} 21. Ne3 {[%clk 0:54:30]} Nxe3 {[%clk 1:08:04]} 22. Bxe3
{[%clk 0:54:51]} Qe7 {[%clk 1:06:51]} 23. Qg4 {[%clk 0:53:13]} f5
{[%clk 0:58:02]} 24. Qc4 {[%clk 0:48:03]} Rac8 {[%clk 0:45:33]} 25. Rxd6
{[%clk 0:42:16]} Qxd6 {[%clk 0:44:36]} 26. Bc5 {[%clk 0:42:18]} Qd5
{[%clk 0:44:35]} 27. Qxd5 {[%clk 0:42:41]} cxd5 {[%clk 0:44:48]} 28. Bxf8
{[%clk 0:43:05]} Kxf8 {[%clk 0:45:12]} 29. Kg2 {[%clk 0:43:21]} Ke7
{[%clk 0:45:16]} 30. Kf3 {[%clk 0:43:41]} Kf6 {[%clk 0:45:18]} 31. Ke3
{[%clk 0:43:27]} g5 {[%clk 0:42:58]} 32. hxg5+ {[%clk 0:41:55]} hxg5
{[%clk 0:43:02]} 33. f4 {[%clk 0:41:47]} g4 {[%clk 0:42:27]} 34. Kd3
{[%clk 0:41:37]} Rh8 {[%clk 0:37:02]} 35. Rg1 {[%clk 0:41:51]} Rh2
{[%clk 0:37:15]} 36. b3 {[%clk 0:41:38]} Rf2 {[%clk 0:36:38]} 37. a4
{[%clk 0:41:23]} Rf3+ {[%clk 0:36:39]} 38. Kc2 {[%clk 0:41:48]} Re3
{[%clk 0:35:34]} 39. Rg2 {[%clk 0:41:15]} e5 {[%clk 0:35:00]} 40. a5
{[%clk 0:36:33]} e4 {[%clk 0:32:27]} 41. b4 {[%clk 0:36:55]} d4 {[%clk 0:28:36]}
42. b5 {[%clk 0:36:38]} Ra3 {[%clk 0:28:08]} 43. a6 {[%clk 0:36:46]} Ra2+
{[%clk 0:27:36]} 44. Kb3 {[%clk 0:36:53]} Rxg2 {[%clk 0:27:44]} 45. b6
{[%clk 0:37:11]} Rh2 {[%clk 0:28:04]} 46. b7 {[%clk 0:37:15]} Rh8
{[%clk 0:28:33]} 47. Kc4 {[%clk 0:37:23]} e3 {[%clk 0:29:01]} 48. Kd3
{[%clk 0:37:39]} Ke6 {[%clk 0:29:06]} 49. Ke2 {[%clk 0:37:49]} Kd5
{[%clk 0:29:27]} 50. Kd3 {[%clk 0:38:13]} Re8 {[%clk 0:28:59]} 51. b8=Q Rxb8
{[%clk 0:29:15]} 52. Ke2 {[%clk 0:38:55]} Ke4 {[%clk 0:29:23]} 53. Kd1
{[%clk 0:37:46]} d3 {[%clk 0:29:46]} 54. Kc1 {[%clk 0:37:54]} Kf3
{[%clk 0:30:07]} 0-1

[Event "msr2018"]
[Site "?"]
[Date "2018.04.24"]
[Round "5.17"]
[White "Krupa, Miroslav"]
[Black "Kostolansky, Sebastian Lukas"]
[Result "0-1"]
[BlackElo "2213"]
[WhiteElo "2002"]
[LiveChessVersion "1.4.8"]

1. d4 {[%clk 1:30:56]} Nf6 {[%clk 1:30:40]} 2. c4 {[%clk 1:31:15]} g6
{[%clk 1:29:39]} 3. Nf3 {[%clk 1:31:14]} Bg7 {[%clk 1:29:54]} 4. g3
{[%clk 1:31:03]} O-O {[%clk 1:29:33]} 5. Bg2 {[%clk 1:31:30]} d6 {[%clk 1:29:57]}
6. O-O {[%clk 1:30:59]} Nbd7 {[%clk 1:23:07]} 7. Nc3 {[%clk 1:30:47]} c5
{[%clk 1:15:54]} 8. dxc5 {[%clk 1:14:13]} Nxc5 {[%clk 1:14:51]} 9. Re1
{[%clk 1:13:13]} Be6 {[%clk 1:05:30]} 10. Nd2 {[%clk 1:10:26]} Rc8
{[%clk 0:47:20]} 11. Rb1 {[%clk 1:06:02]} Qd7 {[%clk 0:34:44]} 12. b3
{[%clk 1:04:28]} Rfd8 {[%clk 0:30:15]} 13. Bb2 {[%clk 1:04:07]} d5
{[%clk 0:25:31]} 14. cxd5 {[%clk 1:01:59]} Nxd5 {[%clk 0:25:43]} 15. Nxd5
{[%clk 0:53:19]} Bxd5 {[%clk 0:24:30]} 16. Bxg7 {[%clk 0:48:55]} Bxg2
{[%clk 0:19:45]} 17. Kxg2 {[%clk 0:48:40]} Qxd2 {[%clk 0:15:26]} 18. Bb2
{[%clk 0:46:22]} Qa5 {[%clk 0:04:45]} 19. Qc2 {[%clk 0:44:07]} Nd3
{[%clk 0:02:27]} 20. Qxd3 {[%clk 0:43:29]} Rxd3 {[%clk 0:02:52]} 21. exd3
{[%clk 0:43:56]} Rc2 {[%clk 0:01:08]} 22. Rxe7 {[%clk 0:43:36]} Kf8
{[%clk 0:01:21]} 23. Ree1 {[%clk 0:40:44]} Rxb2 {[%clk 0:01:32]} 0-1

[Event "msr2018"]
[Site "?"]
[Date "2018.04.24"]
[Round "5.18"]
[White "Salgovic, Simon"]
[Black "Musaev, Matej Elbek"]
[Result "1/2-1/2"]
[BlackElo "1723"]
[WhiteElo "1789"]
[LiveChessVersion "1.4.8"]

1. e4 {[%clk 1:30:58]} c5 {[%clk 1:30:56]} 2. Nf3 {[%clk 1:31:24]} d6
{[%clk 1:31:15]} 3. d4 {[%clk 1:31:50]} cxd4 {[%clk 1:31:39]} 4. Nxd4
{[%clk 1:32:12]} Nf6 {[%clk 1:32:03]} 5. Nc3 {[%clk 1:32:38]} a6 {[%clk 1:32:21]}
6. Bc4 {[%clk 1:33:06]} e6 {[%clk 1:32:23]} 7. Bb3 {[%clk 1:33:32]} b5
{[%clk 1:32:42]} 8. O-O {[%clk 1:33:55]} Bb7 {[%clk 1:31:27]} 9. Re1
{[%clk 1:32:48]} b4 {[%clk 1:25:46]} 10. Na4 Nbd7 {[%clk 1:22:14]} 11. c3
{[%clk 1:17:06]} bxc3 {[%clk 1:21:59]} 12. Nxc3 {[%clk 1:15:57]} Nc5
{[%clk 1:21:37]} 13. Bd5 {[%clk 1:12:00]} Qc7 {[%clk 1:19:59]} 14. Bxb7
{[%clk 1:11:14]} Qxb7 {[%clk 1:20:21]} 15. Bg5 {[%clk 1:06:04]} Be7
{[%clk 1:20:21]} 16. a3 {[%clk 1:04:42]} Qxb2 {[%clk 1:12:50]} 17. Qf3
{[%clk 1:04:10]} Qb7 {[%clk 1:08:02]} 18. Rab1 {[%clk 1:03:37]} Qc8
{[%clk 1:08:08]} 19. e5 {[%clk 0:54:27]} dxe5 {[%clk 1:07:58]} 20. Nc6
{[%clk 0:50:50]} e4 {[%clk 1:06:31]} 21. Nxe4 {[%clk 0:49:09]} Ncxe4
{[%clk 1:05:40]} 22. Bxf6 {[%clk 0:39:35]} Nxf6 {[%clk 1:05:27]} 23. Rec1
{[%clk 0:39:46]} Bd6 {[%clk 0:59:14]} 24. Na5 {[%clk 0:35:49]} Qd8
{[%clk 0:57:27]} 25. Nb7 {[%clk 0:35:49]} Bxh2+ {[%clk 0:57:21]} 26. Kxh2
{[%clk 0:31:15]} Qb8+ {[%clk 0:57:37]} 27. g3 {[%clk 0:30:48]} O-O
{[%clk 0:57:53]} 28. Rc5 {[%clk 0:22:25]} Ra7 {[%clk 0:52:07]} 29. Qc6
{[%clk 0:15:46]} Nd5 {[%clk 0:50:29]} 30. Rc4 {[%clk 0:13:32]} Qe5
{[%clk 0:47:50]} 31. Qc5 {[%clk 0:07:06]} Qh5+ {[%clk 0:45:47]} 32. Kg2
{[%clk 0:03:19]} Raa8 {[%clk 0:44:50]} 33. Rh1 {[%clk 0:03:07]} Qe2
{[%clk 0:44:32]} 34. Rch4 {[%clk 0:01:59]} Rac8 {[%clk 0:43:48]} 35. Qd4
{[%clk 0:01:48]} Nf6 {[%clk 0:43:32]} 36. Qf4 {[%clk 0:01:19]} Rc2 37. Nd6 Nd5
38. Qd4 1/2-1/2

[Event "msr2018"]
[Site "?"]
[Date "2018.04.24"]
[Round "5.20"]
[White "Lovcican, Tomas"]
[Black "Janik, Marek Tobias"]
[Result "1/2-1/2"]
[BlackElo "1553"]
[WhiteElo "1660"]
[LiveChessVersion "1.4.8"]

1. d4 {[%clk 1:30:56]} e6 {[%clk 1:30:54]} 2. c4 {[%clk 1:31:09]} d5
{[%clk 1:31:21]} 3. Nc3 {[%clk 1:31:27]} Nf6 {[%clk 1:31:28]} 4. Nf3
{[%clk 1:31:39]} c5 {[%clk 1:31:16]} 5. Bg5 {[%clk 1:30:24]} cxd4
{[%clk 1:26:13]} 6. Nxd4 {[%clk 1:29:13]} Be7 {[%clk 1:26:31]} 7. e3
{[%clk 1:26:58]} Nc6 {[%clk 1:26:25]} 8. cxd5 {[%clk 1:19:53]} Nxd5
{[%clk 1:23:44]} 9. Bxe7 {[%clk 1:20:00]} Ndxe7 {[%clk 1:20:58]} 10. Nxc6
{[%clk 1:15:18]} Qxd1+ {[%clk 1:19:05]} 11. Rxd1 {[%clk 1:15:15]} Nxc6
{[%clk 1:19:22]} 12. g3 {[%clk 0:56:08]} Bd7 {[%clk 1:17:08]} 13. Bg2
{[%clk 0:53:50]} O-O-O {[%clk 1:17:11]} 14. Ke2 {[%clk 0:51:40]} Na5
{[%clk 1:04:51]} 15. Rc1 {[%clk 0:46:20]} Kb8 {[%clk 1:03:03]} 16. Rhd1
{[%clk 0:41:32]} Bc6 {[%clk 1:02:07]} 17. Bxc6 {[%clk 0:41:36]} Nxc6
{[%clk 1:02:31]} 18. Ne4 {[%clk 0:40:03]} f6 {[%clk 1:02:23]} 19. Nc5
{[%clk 0:36:54]} e5 {[%clk 0:50:22]} 20. Kf3 {[%clk 0:32:30]} Kc8
{[%clk 0:46:47]} 21. Rxd8+ {[%clk 0:30:23]} Rxd8 {[%clk 0:45:55]} 22. b4
{[%clk 0:30:13]} Kb8 {[%clk 0:31:37]} 23. Na6+ {[%clk 0:25:16]} bxa6
{[%clk 0:23:43]} 24. Rxc6 {[%clk 0:25:40]} Kb7 {[%clk 0:24:01]} 25. Re6
{[%clk 0:25:04]} Rd7 {[%clk 0:22:43]} 26. a4 {[%clk 0:24:59]} Rc7
{[%clk 0:19:47]} 27. a5 {[%clk 0:21:53]} Rc6 {[%clk 0:19:43]} 28. Re7+
{[%clk 0:21:54]} Rc7 {[%clk 0:20:05]} 29. Rxc7+ {[%clk 0:21:06]} Kxc7
{[%clk 0:20:29]} 30. Ke4 {[%clk 0:21:33]} Kc6 {[%clk 0:18:04]} 31. Kd3
{[%clk 0:21:53]} g6 {[%clk 0:17:37]} 32. f3 {[%clk 0:19:39]} h5 {[%clk 0:15:46]}
33. h4 g5 {[%clk 0:15:55]} 34. e4 {[%clk 0:15:40]} Kd6 {[%clk 0:14:07]} 35. Kc4
{[%clk 0:14:12]} Kc6 {[%clk 0:14:28]} 36. Kd3 {[%clk 0:14:12]} 1/2-1/2